[Event "AUTO-OPEN-4602"]
[Site "http://www.queenalice.com/game.php?id=1859641"]
[Date "2025.7.8"]
[Round "1"]
[White "BeatifulDevil56"]
[Black "RookRider"]
[Result "0-1"]
[WhiteElo "2165"]
[BlackElo "1500"]

1. Nf3 Nf6 2. Nc3 Nc6 3. e4 e5 4. Bb5 Bb4 5. O-O O-O 6. d3 d6 7. Ne2 Bc5 8. Bxc6
bxc6 9. Ng3 Rb8 10. b3 Bd7 11. Bb2 Re8 12. c3 Bb6 13. c4 Qe7 14. Ba3 Ba5 15. b4
Bxb4 16. Bxb4 Rxb4 17. a3 Rb6 18. Qa4 Ra8 19. Rab1 Rab8 20. Nd2 Qd8 21. c5 dxc5
22. Rxb6 axb6 0-1

[Event "AUTO-OPEN-4602"]
[Site "http://www.queenalice.com/game.php?id=1859642"]
[Date "2025.7.8"]
[Round "1"]
[White "RookRider"]
[Black "BeatifulDevil56"]
[Result "1-0"]
[WhiteElo "1500"]
[BlackElo "2156"]

1. d4 d5 2. c4 e6 3. Nc3 Nf6 4. Bg5 Be7 5. Nf3 c6 6. e3 O-O 7. Bd3 dxc4 8. Bxc4
Nbd7 9. O-O h6 10. Bh4 b5 11. Bd3 a6 12. Qc2 Qc7 13. Ne4 g5 14. Bg3 Qb6 15.
Nxf6+ Bxf6 16. Bd6 Re8 17. a4 e5 18. axb5 exd4 19. bxc6 dxe3 20. fxe3 Qxe3+ 21.
Kh1 1-0

[Event "AUTO-OPEN-4602"]
[Site "http://www.queenalice.com/game.php?id=1859657"]
[Date "2025.7.8"]
[Round "1"]
[White "chessman"]
[Black "RookRider"]
[Result "0-1"]
[WhiteElo "2031"]
[BlackElo "1500"]

1. f4 d5 2. d4 Nf6 3. Nf3 Bf5 4. e3 e6 5. Bd3 Bd6 6. Bxf5 exf5 7. O-O O-O 8. Ne5
c5 9. c3 Nc6 10. Nd2 Rc8 11. Kh1 Qc7 12. Ndf3 Rfe8 13. a3 c4 14. Bd2 Na5 15. Be1
Nb3 16. Rb1 Ne4 17. Ng1 f6 18. Nef3 Qe7 19. Nd2 Nexd2 20. Bxd2 Qe4 21. Re1 Re6
22. Nf3 Rce8 23. Kg1 Qd3 24. Kf2 g5 25. fxg5 fxg5 26. Re2 f4 27. Nxg5 Nxd2 28.
Nxe6 Nxb1 0-1

[Event "AUTO-OPEN-4602"]
[Site "http://www.queenalice.com/game.php?id=1859658"]
[Date "2025.7.8"]
[Round "1"]
[White "RookRider"]
[Black "chessman"]
[Result "1-0"]
[WhiteElo "1500"]
[BlackElo "2021"]

1. d4 d5 2. c4 c6 3. Nf3 Nf6 4. Nc3 e6 5. Bg5 Be7 6. e3 O-O 7. Be2 a6 8. c5 Qc7
9. O-O Re8 10. Rc1 Nbd7 11. Bf4 e5 12. Nxe5 Qd8 13. Qb3 h6 14. Nxd7 Qxd7 15. Na4
b5 16. Nb6 Qb7 17. Nxa8 Qxa8 18. a4 Qb7 19. axb5 axb5 20. Qc2 Be6 21. Ra1 1-0

[Event "AUTO-OPEN-4603"]
[Site "http://www.queenalice.com/game.php?id=1859913"]
[Date "2025.7.15"]
[Round "1"]
[White "josebaron"]
[Black "RookRider"]
[Result "1/2-1/2"]
[WhiteElo "2178"]
[BlackElo "1500"]

1. e4 e5 2. Nf3 Nc6 3. Bb5 Nf6 4. Bxc6 dxc6 5. d3 Bd6 6. O-O O-O 7. c4 Bg4 8. h3
Bh5 9. Nc3 Re8 10. Bg5 h6 11. Bh4 g5 12. Bg3 Nd7 13. Bh2 Qf6 14. g4 Bg6 15. Kg2
a5 16. a4 Nc5 17. Qe2 Rad8 18. Rad1 Ne6 19. Bg3 h5 20. Rh1 h4 21. Bh2 b6 22.
Rhf1 Re7 23. Qe1 Kh8 24. Qd2 Rde8 25. Qc1 1/2-1/2

[Event "AUTO-OPEN-4603"]
[Site "http://www.queenalice.com/game.php?id=1859914"]
[Date "2025.7.15"]
[Round "1"]
[White "RookRider"]
[Black "josebaron"]
[Result "1/2-1/2"]
[WhiteElo "1500"]
[BlackElo "2150"]

1. d4 d5 2. c4 dxc4 3. Nc3 Nf6 4. e3 e5 5. Bxc4 exd4 6. exd4 Be7 7. Nf3 O-O 8.
O-O Bg4 9. Re1 c6 10. h3 Bxf3 11. Qxf3 Nbd7 12. Bf4 Bb4 13. a3 Bxc3 14. bxc3 Nb6
15. Ba2 Nbd5 16. Be5 b5 17. c4 bxc4 18. Bxc4 a5 19. Rac1 Re8 20. Bd3 Qd7 21.
Red1 Rad8 22. Rc4 Qb7 23. Bxf6 Nxf6 24. Rxc6 Re6 25. Rd6 Qe7 26. Rxd8+ Qxd8 27.
d5 Rd6 28. Bc4 g6 29. Qe3 h5 30. Qc5 Ne4 31. Qd4 Nf6 32. g3 Kg7 33. Rd2 Kh7 34.
Kg2 Kg8 35. Qe5 Kh7 36. Qd4 Kg8 37. Qe5 Qc7 1/2-1/2

[Event "AUTO-OPEN-4603"]
[Site "http://www.queenalice.com/game.php?id=1859937"]
[Date "2025.7.15"]
[Round "1"]
[White "pizzaiolo72"]
[Black "RookRider"]
[Result "0-1"]
[WhiteElo "2025"]
[BlackElo "1500"]

1. e4 e5 2. Nf3 Nc6 3. Bb5 Nf6 4. O-O d6 5. Re1 Bd7 6. d4 exd4 7. Nxd4 Nxd4 8.
Bxd7+ Qxd7 9. Qxd4 Be7 10. e5 dxe5 11. Qxe5 O-O-O 12. Nc3 Rhe8 13. Be3 Bb4 14.
Qb5 Qxb5 15. Nxb5 Bxe1 16. Nxa7+ Kb8 17. Rxe1 Rxe3 18. Nc6+ bxc6 19. fxe3 Rd2
20. Rc1 Ng4 21. e4 f6 22. h3 Ne3 23. g4 Nxc2 24. a4 Nd4 25. Rc4 Nf3+ 26. Kf1
Rxb2 27. Rxc6 Ng5 28. h4 Nxe4 29. Re6 Rf2+ 30. Kg1 Rf4 31. Re8+ Kb7 32. g5 Rxh4
33. gxf6 Nxf6 34. Re5 Rxa4 35. Rb5+ Kc6 36. Rg5 Rg4+ 37. Rxg4 Nxg4 0-1

[Event "AUTO-OPEN-4603"]
[Site "http://www.queenalice.com/game.php?id=1859938"]
[Date "2025.7.15"]
[Round "1"]
[White "RookRider"]
[Black "pizzaiolo72"]
[Result "1-0"]
[WhiteElo "1500"]
[BlackElo "2018"]

1. d4 Nf6 2. c4 g6 3. Nc3 Bg7 4. e4 d6 5. Nf3 O-O 6. Be2 e5 7. O-O Bg4 8. dxe5
dxe5 9. Qxd8 Rxd8 10. Bg5 h6 11. Bxf6 Bxf6 12. Nd5 Bg7 13. Nxc7 Nc6 14. Nxa8
Rxa8 15. Rac1 Rd8 16. Rfd1 Bxf3 17. Rxd8+ Nxd8 18. Bxf3 Nc6 19. Bg4 Nd4 20. Kf1
f5 21. Bf3 b6 22. c5 bxc5 23. Rxc5 Nxf3 24. gxf3 Bf6 25. Ra5 fxe4 26. fxe4 1-0

[Event "AUTO-OPEN-4603"]
[Site "http://www.queenalice.com/game.php?id=1859953"]
[Date "2025.7.15"]
[Round "1"]
[White "RookRider"]
[Black "cerenzo72"]
[Result "1-0"]
[WhiteElo "1500"]
[BlackElo "2134"]

1. d4 Nf6 2. c4 e6 3. Nf3 a6 4. Nc3 d5 5. Bg5 Be7 6. Bxf6 Bxf6 7. cxd5 exd5 8.
Qb3 c6 9. e4 dxe4 10. Nxe4 O-O 11. Bd3 Bxd4 12. O-O-O b5 13. Neg5 g6 14. Be4 h6
15. Nxf7 Rxf7 16. Bxg6 Ra7 17. Rxd4 Qf6 18. Bxf7+ Rxf7 19. Re1 Bd7 20. Ne5 Be6
21. Qe3 Rf8 22. Rd6 Qf5 23. Qxh6 Qxf2 24. Qxe6+ Kg7 25. Qh6+ Kg8 26. Rg6# 1-0

[Event "AUTO-OPEN-4609"]
[Site "http://www.queenalice.com/game.php?id=1861487"]
[Date "2025.8.12"]
[Round "1"]
[White "josebaron"]
[Black "RookRider"]
[Result "1-0"]
[WhiteElo "2134"]
[BlackElo "1500"]

1. e4 e5 2. Nf3 Nc6 3. Bb5 Nf6 4. d3 d6 5. O-O Bd7 6. Nc3 Be7 7. Re1 O-O 8. Nd5
Nxd5 9. exd5 Nd4 10. Bxd7 Qxd7 11. c3 Nxf3+ 12. Qxf3 f5 13. a4 c5 14. Bd2 Rae8
15. h3 Bd8 16. Qd1 Rf6 17. Bg5 Rg6 18. Bxd8 Rxd8 19. c4 f4 20. Qf3 Rf8 21. a5
Rf5 22. Kh2 1-0

[Event "AUTO-OPEN-4609"]
[Site "http://www.queenalice.com/game.php?id=1861488"]
[Date "2025.8.12"]
[Round "1"]
[White "RookRider"]
[Black "josebaron"]
[Result "1-0"]
[WhiteElo "1500"]
[BlackElo "2165"]

1. d4 d5 2. c4 dxc4 3. Nc3 Nf6 4. e3 e6 5. Bxc4 Be7 6. Nf3 O-O 7. O-O Nc6 8. e4
Re8 9. h3 Kh8 10. Be3 a6 11. Qc2 h6 12. Rad1 Bb4 13. Na4 Bf8 14. a3 b5 15. d5
exd5 16. Bxd5 Nxd5 17. Qxc6 1-0

[Event "AUTO-OPEN-4609"]
[Site "http://www.queenalice.com/game.php?id=1861515"]
[Date "2025.8.12"]
[Round "1"]
[White "Fredo"]
[Black "RookRider"]
[Result "1-0"]
[WhiteElo "2105"]
[BlackElo "1470"]

1. d4 Nf6 2. Bf4 d5 3. Nf3 Nc6 4. e3 Nh5 5. c3 Nxf4 6. exf4 Qd6 7. g3 g6 8. Bg2
Bg7 9. O-O Bf5 10. Nbd2 O-O 11. Ne5 Nxe5 12. fxe5 Qd7 13. Nf3 Rac8 14. Nh4 Be6
15. f4 c5 16. Rc1 b6 17. Nf3 Bg4 18. Qd3 Bf5 19. Qd2 Rfd8 20. Nh4 1-0

[Event "AUTO-OPEN-4609"]
[Site "http://www.queenalice.com/game.php?id=1861516"]
[Date "2025.8.12"]
[Round "1"]
[White "RookRider"]
[Black "Fredo"]
[Result "0-1"]
[WhiteElo "1470"]
[BlackElo "2106"]

1. d4 Nf6 2. c4 g6 3. Nc3 d5 4. Nf3 Bg7 5. cxd5 Nxd5 6. e4 Nxc3 7. bxc3 O-O 8.
Be2 c5 9. O-O Nc6 10. Be3 Bg4 11. d5 Bxf3 12. Bxf3 Ne5 13. Be2 c4 14. Rb1 b6 15.
f4 Nd3 16. Bxd3 cxd3 17. Qxd3 Rc8 18. c4 Qd7 19. Rb5 Qc7 0-1

[Event "AUTO-OPEN-4609"]
[Site "http://www.queenalice.com/game.php?id=1861535"]
[Date "2025.8.12"]
[Round "1"]
[White "RookRider"]
[Black "chessman"]
[Result "1-0"]
[WhiteElo "1500"]
[BlackElo "1975"]

1. d4 d5 2. c4 c6 3. Nf3 Nf6 4. Nc3 e6 5. Bg5 Be7 6. e3 O-O 7. Bd3 a6 8. O-O Re8
9. c5 Nbd7 10. Qc2 h6 11. Bh4 Nf8 12. Rab1 N6d7 13. Bxe7 Qxe7 14. e4 dxe4 15.
Nxe4 Nf6 16. Nd6 Rd8 17. Ne5 b6 18. Nxc6 Qd7 19. Nxd8 Qxd8 20. Rfc1 Nd5 21. Be4
Qxd6 22. cxd6 1-0

[Event "AUTO-OPEN-4609"]
[Site "http://www.queenalice.com/game.php?id=1861536"]
[Date "2025.8.12"]
[Round "1"]
[White "chessman"]
[Black "RookRider"]
[Result "0-1"]
[WhiteElo "1981"]
[BlackElo "1500"]

1. e4 e5 2. Nf3 Nc6 3. Bb5 Nf6 4. O-O d6 5. Re1 Bd7 6. d4 exd4 7. c3 dxc3 8.
Nxc3 Be7 9. Qe2 O-O 10. Bg5 Bg4 11. h3 Nd4 12. Bd3 Nxe2+ 0-1